000 01217cam a22003494a 4500
001 15526657
003 OSt
005 20211012115028.0
008 081022s2008 ii a bs 001 0 eng
010 _a 2008324255
020 _a8189304542
025 _aI-E-2008-324255; 54-13
035 _a(IN-NdUBS)UBS08003046
037 _bLibrary of Congress -- New Delhi Overseas Office
_cRs1995.00
040 _aDLC
_cHU
042 _alcode
043 _aa-ii---
050 0 0 _aGB857.3.I4
_bD38 2008
082 _a333.91620971232
100 1 _aDas, B. K.
_q(Brijraj Krishna)
_912787
245 1 0 _aLakes :
_bwater and sediment geochemistry /
_cBrijraj Krishna Das.
260 _aNew Delhi :
_bSatish Serial Pub. House,
_c2008.
300 _aix, 215 p. :
_bill. (some col.) ;
_c25 cm.
500 _aIncludes statistical tables.
504 _aIncludes bibliographical references (p. 197-211) and index.
650 0 _aWater chemistry
_zIndia.
_912788
650 0 _aLake sediments
_zIndia
_xAnalysis.
_912789
650 0 _aLakes
_zIndia.
_912790
906 _a7
_bcbc
_corigode
_d3
_encip
_f20
_gy-gencatlg
942 _2ddc
_cBOOKS
_n0
999 _c11871
_d11871